<?xml version="1.0" encoding="UTF-8"?>
<record
    xmlns:xsi="http://www.w3.org/2001/XMLSchema-instance"
    xsi:schemaLocation="http://www.loc.gov/MARC21/slim http://www.loc.gov/standards/marcxml/schema/MARC21slim.xsd"
    xmlns="http://www.loc.gov/MARC21/slim">

  <leader>01853nam a22002777a 4500</leader>
  <controlfield tag="005">20120216105739.0</controlfield>
  <datafield tag="020" ind1=" " ind2=" ">
    <subfield code="a">9788124307953  (&#x92D;&#x93E;&#x917;-1)</subfield>
    <subfield code="c">42.00</subfield>
  </datafield>
  <datafield tag="020" ind1=" " ind2=" ">
    <subfield code="a">8124307962   (&#x92D;&#x93E;&#x917;-2)</subfield>
    <subfield code="c">42.00</subfield>
  </datafield>
  <datafield tag="020" ind1=" " ind2=" ">
    <subfield code="a">8124307970   (&#x92D;&#x93E;&#x917;-3)</subfield>
    <subfield code="c">42.00</subfield>
  </datafield>
  <datafield tag="020" ind1=" " ind2=" ">
    <subfield code="a">8124307989    (&#x92D;&#x93E;&#x917;-4)</subfield>
    <subfield code="c">42.00</subfield>
  </datafield>
  <datafield tag="082" ind1=" " ind2=" ">
    <subfield code="a">&#x915;</subfield>
  </datafield>
  <datafield tag="100" ind1=" " ind2=" ">
    <subfield code="a">&#x91C;&#x94B;&#x936;&#x940;, &#x92F;&#x94B;&#x917;&#x947;&#x936;</subfield>
    <subfield code="9">42328</subfield>
  </datafield>
  <datafield tag="245" ind1=" " ind2=" ">
    <subfield code="a">&#x930;&#x93E;&#x92E;&#x93E;&#x92F;&#x923; &#x915;&#x947; &#x905;&#x92E;&#x930; &#x92A;&#x93E;&#x924;&#x94D;&#x930; /</subfield>
    <subfield code="c">&#x92F;&#x94B;&#x917;&#x947;&#x936; &#x91C;&#x94B;&#x936;&#x940;;&#x92E;&#x902;&#x917;&#x930;&#x942;&#x930;&#x93E;&#x92E; &#x92E;&#x93F;&#x936;&#x94D;&#x930; &#x926;&#x94D;&#x935;&#x93E;&#x930;&#x93E; &#x930;&#x942;&#x92A;&#x93E;&#x902;&#x924;&#x930;&#x93F;&#x924;;&#x938;&#x924;&#x92A;&#x93E;&#x932;&#x938;&#x93F;&#x902;&#x939; &#x91B;&#x93E;&#x92C;&#x921;&#x93C;&#x93E; &#x926;&#x94D;&#x935;&#x93E;&#x930;&#x93E; &#x91A;&#x93F;&#x924;&#x94D;&#x930;&#x93E;&#x902;&#x915;&#x93F;&#x924;</subfield>
  </datafield>
  <datafield tag="260" ind1=" " ind2=" ">
    <subfield code="a">&#x92E;&#x941;&#x902;&#x92C;&#x908;</subfield>
    <subfield code="b">&#x928;&#x935;&#x928;&#x940;&#x924; &#x92A;&#x92C;&#x94D;&#x932;&#x93F;&#x915;&#x947;&#x936;&#x928;&#x94D;&#x938;</subfield>
    <subfield code="c">&#x935;.&#x905;.</subfield>
  </datafield>
  <datafield tag="270" ind1=" " ind2=" ">
    <subfield code="a">&#x92D;&#x935;&#x93E;&#x928;&#x940;&#x936;&#x902;&#x915;&#x930; &#x930;&#x94B;&#x921;, &#x926;&#x93E;&#x926;&#x930;</subfield>
    <subfield code="b">&#x92E;&#x941;&#x902;&#x92C;&#x908;</subfield>
    <subfield code="e">400028</subfield>
  </datafield>
  <datafield tag="300" ind1=" " ind2=" ">
    <subfield code="a">4 &#x92D;&#x93E;&#x917;(40&#x92A;&#x943;;39&#x92A;&#x943;;39&#x92A;&#x943;;40&#x92A;&#x943;.)</subfield>
    <subfield code="b">&#x938;&#x91A;&#x93F;&#x924;&#x94D;&#x930;</subfield>
    <subfield code="c">18&#x938;&#x947;&#x92E;&#x940; (&#x938;&#x91C;&#x93F;&#x932;&#x94D;&#x926;)</subfield>
  </datafield>
  <datafield tag="500" ind1=" " ind2=" ">
    <subfield code="a">4 &#x92D;&#x93E;&#x917;&#x94B;&#x902; &#x92E;&#x947;&#x902; &#x92A;&#x94D;&#x930;&#x915;&#x93E;&#x936;&#x93F;&#x924;</subfield>
  </datafield>
  <datafield tag="500" ind1=" " ind2=" ">
    <subfield code="a">&#x92D;&#x93E;&#x917; 1 &#x938;&#x947; 4 &#x915;&#x93E; &#x938;&#x947;&#x91F;</subfield>
  </datafield>
  <datafield tag="700" ind1=" " ind2=" ">
    <subfield code="a">&#x92E;&#x93F;&#x936;&#x94D;&#x930;, &#x92E;&#x902;&#x917;&#x930;&#x942;&#x930;&#x93E;&#x92E; </subfield>
    <subfield code="9">39428</subfield>
  </datafield>
  <datafield tag="700" ind1=" " ind2=" ">
    <subfield code="a">&#x91B;&#x93E;&#x92C;&#x921;&#x93C;&#x93E;, &#x938;&#x924;&#x92A;&#x93E;&#x932;&#x938;&#x93F;&#x902;&#x939; </subfield>
    <subfield code="9">42223</subfield>
  </datafield>
  <datafield tag="942" ind1=" " ind2=" ">
    <subfield code="2">ddc</subfield>
    <subfield code="c">CH</subfield>
    <subfield code="m">&#x91C;&#x94B;&#x936;&#x940;&#x92F;&#x94B;</subfield>
    <subfield code="h">&#x915;</subfield>
  </datafield>
  <datafield tag="999" ind1=" " ind2=" ">
    <subfield code="c">62940</subfield>
    <subfield code="d">62940</subfield>
  </datafield>
  <datafield tag="952" ind1=" " ind2=" ">
    <subfield code="0">0</subfield>
    <subfield code="1">0</subfield>
    <subfield code="4">0</subfield>
    <subfield code="7">-1</subfield>
    <subfield code="a">AG</subfield>
    <subfield code="b">AG</subfield>
    <subfield code="d">2012-02-16</subfield>
    <subfield code="g">42.00</subfield>
    <subfield code="l">0</subfield>
    <subfield code="o">&#x91C;&#x94B;&#x936;&#x940;&#x92F;&#x94B;</subfield>
    <subfield code="r">2012-02-16 00:00:00</subfield>
    <subfield code="v">42.00</subfield>
    <subfield code="w">2012-02-16</subfield>
    <subfield code="y">CH</subfield>
  </datafield>
  <datafield tag="952" ind1=" " ind2=" ">
    <subfield code="0">0</subfield>
    <subfield code="1">0</subfield>
    <subfield code="4">0</subfield>
    <subfield code="7">-1</subfield>
    <subfield code="a">AG</subfield>
    <subfield code="b">AG</subfield>
    <subfield code="d">2012-02-16</subfield>
    <subfield code="g">42.00</subfield>
    <subfield code="l">0</subfield>
    <subfield code="o">&#x91C;&#x94B;&#x936;&#x940;&#x92F;&#x94B;</subfield>
    <subfield code="r">2012-02-16 00:00:00</subfield>
    <subfield code="v">42.00</subfield>
    <subfield code="w">2012-02-16</subfield>
    <subfield code="y">CH</subfield>
  </datafield>
  <datafield tag="952" ind1=" " ind2=" ">
    <subfield code="0">0</subfield>
    <subfield code="1">0</subfield>
    <subfield code="4">0</subfield>
    <subfield code="7">-1</subfield>
    <subfield code="a">AG</subfield>
    <subfield code="b">AG</subfield>
    <subfield code="d">2012-02-16</subfield>
    <subfield code="g">42.00</subfield>
    <subfield code="l">0</subfield>
    <subfield code="o">&#x91C;&#x94B;&#x936;&#x940;&#x92F;&#x94B;</subfield>
    <subfield code="r">2012-02-16 00:00:00</subfield>
    <subfield code="v">42.00</subfield>
    <subfield code="w">2012-02-16</subfield>
    <subfield code="y">CH</subfield>
  </datafield>
  <datafield tag="952" ind1=" " ind2=" ">
    <subfield code="0">0</subfield>
    <subfield code="1">0</subfield>
    <subfield code="4">0</subfield>
    <subfield code="7">-1</subfield>
    <subfield code="a">AG</subfield>
    <subfield code="b">AG</subfield>
    <subfield code="d">2012-02-16</subfield>
    <subfield code="g">42.00</subfield>
    <subfield code="l">0</subfield>
    <subfield code="o">&#x91C;&#x94B;&#x936;&#x940;&#x92F;&#x94B;</subfield>
    <subfield code="r">2012-02-16 00:00:00</subfield>
    <subfield code="v">42.00</subfield>
    <subfield code="w">2012-02-16</subfield>
    <subfield code="y">CH</subfield>
  </datafield>
</record>
